Statistiques concernant Miraculous - Plus forts ensemble - Paroles

Cliquez ici pour prendre le quiz!

Statistiques générales

  • Ce quiz a été pris 37 fois
  • Le résultat moyen est 141 sur 188

Statistiques - réponses

HintRéponse% Correct
La
95%
la
95%
Tu
95%
tu
95%
es
89%
ma
89%
nous
89%
à
84%
a
84%
as
84%
dès
84%
Dès
84%
ensemble
84%
et
84%
Et
84%
je
84%
Je
84%
le
84%
me
84%
mes
84%
Elliott | LouMes
84%
moi
84%
Plus
84%
plus
84%
Toi
84%
toi
84%
un
84%
ce
79%
chemins
79%
coeur
79%
ElliottDans
79%
dans
79%
destin
79%
forts
79%
liberté
79%
liés
79%
main
79%
maintenant
79%
manquait
79%
m'en
79%
Mon
79%
mon
79%
monde
79%
ne
79%
Lou et ElliottNos
79%
par
79%
pas
79%
peu
79%
Pour
79%
pour
79%
ElliottPrend
79%
que
79%
Que
79%
qui
79%
rien
79%
sentiments
79%
soir
79%
son
79%
sont
79%
su
79%
une
79%
vie
79%
apparue
74%
brille
74%
Comme
74%
comme
74%
disparu
74%
effacé
74%
entrée
74%
est
74%
étoile
74%
LouGrâce
74%
magie
74%
nuit
74%
parcourent
74%
peur
74%
peut
74%
présent
74%
quand
74%
qu'est
74%
séparer
74%
tourments
74%
vraiment
74%
âmes
68%
associés
68%
connais
68%
l'éternité
68%
l'étincelle
68%
On
68%
présence
68%
retrouver
68%
sens
68%
suis
68%
ta
68%
au
63%
bien
63%
c'est
63%
Coeurs
63%
déjà
63%
j'ai
63%
J'en
63%
lui
63%
mieux
63%
Montrons
63%
oublie
63%
pris
63%
regard
63%
ElliottReste
63%
trichent
63%
vais
63%
amoureux
58%
aveu
58%
cette
58%
chagrins
58%
deux
58%
dure
58%
émotion
58%
évidence
58%
fais
58%
l'amour
58%
les
58%
l'univers
58%
nom
58%
peux
58%
prononce
58%
LouQuelle
58%
qu'il
58%
qu'une
58%
rencontré
58%
sourit
58%
te
58%
toujours
58%
tous
58%
voir
58%
voudrais
58%
LouDésolée
53%
tien
53%

Distribution des résultats

Percentile par nombre de réponses

% des personnes avec chaque résultat

Votre développement - résultats

Vous n’avez pas pris ce quiz